Sports Quiz

Random Sports or NFL Quiz

Approximate Value: Seattle Seahawks Quiz Stats

 Plays Quiz not verified by Sporcle

Challenge
Share
Tweet
Embed
Score 0/22 Timer 07:00
0 Plays Today
Position Player % Correct
RBShaun Alexander
94.7%
WRSteve Largent
93.7%
OLWalter Jones
86.4%
QBDave Krieg
82%
DLCortez Kennedy
76.7%
OLSteve Hutchinson
70.4%
LBChad Brown
56.8%
DBDave Brown
56.8%
End/Rec.Darrell Jackson
55.8%
DBKenny Easley
53.9%
DLJacob Green
51%
Position Player % Correct
DBMarcus Trufant
50.5%
RBJohn L. Williams
49.5%
WRBrian Blades
46.6%
DBEugene Robinson
40.3%
DLJoe Nash
35.9%
DLJeff Bryant
26.7%
OLChris Gray
16%
OLEdwin Bailey
3.9%
LBKeith Butler
3.9%
OLSteve August
3.4%
LBBruce Scholtz
1.5%

You're not logged in!

Compare scores with friends on all Sporcle quizzes.
Join for Free
OR
Log In

You Might Also Like...

Show Comments

Extras

Top Quizzes Today


Score Distribution

Your Account Isn't Verified!

In order to create a playlist on Sporcle, you need to verify the email address you used during registration. Go to your Sporcle Settings to finish the process.

Report this User

Report this user for behavior that violates our Community Guidelines.

Details: